Explotación sexual de niñas, niños y adolescentes
Gardado en:
| Formato: | Texto |
|---|---|
| Etiquetas: |
Engadir etiqueta
Sen Etiquetas, Sexa o primeiro en etiquetar este rexistro!
|
MARC
| LEADER | 00000 a a2200000 04500 | ||
|---|---|---|---|
| 001 | 6666 | ||
| 003 | |||
| 040 | |||
| 245 | |a Explotación sexual de niñas, niños y adolescentes | ||
| 773 | |g volumen 23, número 1053; páginas 15-16 | ||
| 999 | |c 29144 |d 29144 | ||
